| 000 | 00503nam a2200181 4500 | ||
|---|---|---|---|
| 999 |
_c163389 _d163389 |
||
| 005 | 20190412115805.0 | ||
| 010 | _aENG-124993 | ||
| 020 |
_a9788192557137 _c485.00 |
||
| 035 | _aEN-108525 | ||
| 037 | _bDBAD/PUB | ||
| 082 | _a787.6 | ||
| 100 | _aSaraf, Mukesh | ||
| 245 |
_aUstad Amjad Ali Khan/ _cby Mukesh Saraf |
||
| 260 |
_aAllahabad _bAnurag Publication _c2015 |
||
| 270 |
_a116/70, lukerganj _bAllahabad _e211001 |
||
| 300 |
_a152p. _c22cm(Hb) |
||
| 942 |
_2ddc _cEN _h787.6 _mSAR |
||